US Cities: Top 8 per type of crime Quiz Stats

Quiz not verified by Sporcle

Challenge
Share
Tweet
Embed
Score 0/40 Timer 05:00
0 Plays Today
Hint Answer % Correct
ArsonDetroit
96.9%
AssaultsDetroit
96.9%
BurglariesDetroit
96.9%
MurdersDetroit
96.9%
BurglariesCleveland
94.7%
ArsonCleveland
94.7%
RapesCleveland
94.3%
ArsonPhiladelphia
92.5%
AssaultsMemphis
92.1%
AssaultsSt. Louis
92.1%
BurglariesMemphis
92.1%
MurdersSt. Louis
92.1%
ArsonMemphis
92.1%
BurglariesSt. Louis
92.1%
MurdersNew Orleans
91.7%
MurdersBaltimore
91.2%
AssaultsBaltimore
91.2%
RapesOklahoma City
90.8%
BurglariesOklahoma City
90.8%
AssaultsAtlanta
90.4%
Hint Answer % Correct
ArsonPittsburgh
89.9%
ArsonCincinnati
89.5%
BurglariesCincinnati
89.5%
RapesMinneapolis
87.3%
BurglariesColumbus
86%
RapesColumbus
86%
AssaultsKansas City
85.1%
MurdersKansas City
85.1%
ArsonBuffalo
84.6%
MurdersNewark
84.2%
AssaultsOakland
81.6%
MurdersOakland
81.6%
RapesOakland
81.6%
RapesTulsa
78.5%
ArsonToledo
75%
BurglariesToledo
75%
RapesLincoln
71.1%
RapesColorado Springs
68.4%
AssaultsStockton
45.6%
MurdersStockton
45.6%

You're not logged in!

Compare scores with friends on all Sporcle quizzes.
Sign Up with Email
OR
Log In

You Might Also Like...

Show Comments

Extras

Top Quizzes Today


Score Distribution

Your Account Isn't Verified!

In order to create a playlist on Sporcle, you need to verify the email address you used during registration. Go to your Sporcle Settings to finish the process.